00825nam a22002537a 450000500170000001000130001702000220003003500130005203700160006504000120008108200130009310000220010624500740012826000350020227000370023730000320027450000220030665000340032865000230036270000250038594200220041099900190043295201200045120170124110055.0 aB-046608 c00.00a8125020217 aB-046608 bCen Lib/Ret aDPLbEN a612bPAL aPal, G. K.926175 aGrowing and using the healing herbs /cby G. K. Pal [and] Pravati Pal aCalcuttabOrient Longmanc2001 bCalcuttaa160 Anna Salaie600002 avii,523p. :c25cm(Hb)bill. aIncludes index  aPhysiology -- Textbook926176 aDental care926177 aPal, Pravati 926178 2ddccENh612mPAL c129373d129373 00104070aLbLd2015-07-06eCen Lib/Retg0.00l0o612 PALpB-046608r2015-07-06 00:00:00t1v0.00w2015-07-06yEN